000 00840nam a2200241 a 4500
001 BRCA_8244
005 20190320210207.0
008 270514s1956----mx-####f#m---#000-0#spa-#
041 _aspa
044 _amx
050 4 _aHJ2325
_b.M36 1956
100 1 _aMancera Aguayo, Miguel
_95009
245 1 0 _aAspectos de las relaciones entre las inversiones internacionales, el ingreso nacional y el movimiento de divisas en un país subdesarrollado
_cMiguel Mancera Aguayo
260 _aMéxico
_c1956
300 _a96 p.
_c23 cm
500 _aT78
502 _aTesis que presenta Miguel Mancera Aguayo que para obtener el título de Licenciado en Economía
504 _aBibliografía p. 95
650 1 4 _aInversiones extranjeras
_vDivisas
_920564
650 1 4 _aIngreso nacional
_vFinanzas
_zMéxico
_920565
902 _aGFM
942 _2lcc
_cB
999 _c7912
_d7912